| 000 | 00479nam a22001457a 4500 | ||
|---|---|---|---|
| 082 | _a621.3 | ||
| 100 | _aShafiq Hafsa | ||
| 245 |
_aSampled Data Robust Control of an Under Actuated System with Input Delay/ _cHafsa Shafiq |
||
| 260 |
_aIslamabad. _bCEME- NUST _c2016 |
||
| 300 | _a54p. : ill. ; | ||
| 650 |
_a Electrical Engineering MS-Thesis _916073 |
||
| 700 |
_aDr. Fahad Mumtaz Malik _917335 |
||
| 942 |
_2ddc _cTHE |
||
| 999 |
_c540794 _d540794 |
||